Současný stav průmyslu železářského přednesl ... ve schůzi společnosti dne 6. prosince 1937 v Praze

Na minha lista:
Detalhes bibliográficos
Autor principal: Tille, Jan
Formato: Livro
Idioma:tcheco
Publicado em: Praha Česká společnost národohospod. 1937
Colecção:Sbírka přednášek pořádaných Českou spol. národohospod. v období 1937-38 7
Tags: Adicionar Tag
Sem tags, seja o primeiro a adicionar uma tag!

MARC

LEADER 00000nam a2200000 4500
001 c137893
005 20230316133159.0
041 0 |a cze 
044 |a CZ 
245 1 0 |a Současný stav průmyslu železářského  |b přednesl ... ve schůzi společnosti dne 6. prosince 1937 v Praze  |c Jan Tille 
264 1 |a Praha  |b Česká společnost národohospod.  |c 1937 
300 |a 11 s. 
490 1 |a Sbírka přednášek pořádaných Českou spol. národohospod. v období 1937-38  |v 7 
830 0 |a Sbírka přednášek pořádaných Českou spol. národohospod. v období 1937-38  |v 7 
100 1 |a Tille, Jan